Brilliant Book-keeping /

Successful financial management starts with effective book-keeping. Whether you run a business, are self-employed, or simply want to get to grips with your personal finances, Brilliant Book-keeping will ensure your accounts are as efficient and profitable as they should be. This book will show you h...

Full description

Bibliographic Details
Main Author: Quinn, Martin (Author)
Corporate Author: Safari, an O'Reilly Media Company
Format: eBook
Language:English
Published: Pearson Business, 2010.
Edition:1st edition.
Subjects:
Online Access:Connect to this electronic resource

MARC

Tag First Indicator Second Indicator Subfields
LEADER 00000cam a2200000 a 4500
001 in00004138921
005 20260123224850.9
006 m o d
007 cr cn
008 270813s2010 xx o eng
020 |z 9780273731795 
020 |z 9780273731788 
035 |a (CaSebORM)9780273731788 
040 |d UtOrBLW 
041 0 |a eng 
100 1 |a Quinn, Martin,  |e author.  |0 http://id.loc.gov/authorities/names/n84007914 
245 1 0 |a Brilliant Book-keeping /  |c Quinn, Martin. 
250 |a 1st edition. 
264 1 |b Pearson Business,  |c 2010. 
300 |a 1 online resource (232 pages) 
336 |a text  |b txt  |2 rdacontent 
337 |a computer  |b c  |2 rdamedia 
338 |a online resource  |b cr  |2 rdacarrier 
347 |a text file 
520 |a Successful financial management starts with effective book-keeping. Whether you run a business, are self-employed, or simply want to get to grips with your personal finances, Brilliant Book-keeping will ensure your accounts are as efficient and profitable as they should be. This book will show you how to keep accurate and complete financial records. You'll never fear a tax audit again! Packed with practical, step-by-step advice to guarantee your accounts will always be in great shape. 
533 |a Electronic reproduction.  |b Boston, MA :  |c Safari,  |n Available via World Wide Web.  |d 2011. 
538 |a Mode of access: World Wide Web. 
542 |g 2011 
588 |a Online resource; Title from title page (viewed October 5, 2010) 
500 |a Electronic resource. 
655 7 |a Electronic books.  |2 local 
710 2 |a Safari, an O'Reilly Media Company. 
856 4 0 |u https://proxy.library.tamu.edu/login?url=https://go.oreilly.com/TAMU/library/view/-/9780273731788/?ar  |z Connect to this electronic resource  |t 0 
999 f f |s 4e062736-d6dc-3a82-80b0-99cdf597e7fe  |i 5ca70508-2b4c-3931-a67b-87df009c22e6  |t 0 
952 f f |a Texas A&M University  |b College Station  |c Electronic Resources  |s www_evans  |d Available Online  |t 0  |h No information provided 
998 f f |t 0  |l Available Online